Mấy vấn đề về chế độ sở hữu và thành phần kinh tế ở nước ta /

Saved in:
Bibliographic Details
Main Author: Nguyễn Văn Đặng.
Format: Article
Language:Vietnamese
Subjects:
Tags: Add Tag
No Tags, Be the first to tag this record!
Institutions: Thư viện Trường Đại học Đà Lạt
LEADER 00794nam a2200265 4500
001 DLU060056977
040 # # |a DLU  |b vie 
041 # # |a vie 
044 # # |a vn 
100 # # |a Nguyễn Văn Đặng. 
245 # # |a Mấy vấn đề về chế độ sở hữu và thành phần kinh tế ở nước ta /  |c Nguyễn Văn Đặng. 
653 # # |a Chế độ sở hữu  
653 # # |a Thành phần kinh tế 
773 # # |t Khoa học xã hội Việt Nam  |g Số 2, 2006, tr. 35-42 
920 # # |a Phòng Tạp chí -- Trung tâm Thông tin - Thư viện Trường Đại học Đà Lạt 
933 # # |a LS 
994 # # |a DLU 
900 # # |a True 
911 # # |a Nguyễn Thị Minh Cầm 
925 # # |a G 
926 # # |a A 
927 # # |a BB 
980 # # |a Thư viện Trường Đại học Đà Lạt